MARC

LEADER 00000nam0a2200000 4500
001 36337
005 20231101210351.0
035 |a (RuTPU)RU\TPU\book\36807 
035 |a BOOK00003459 
090 |a 36337 
100 |a 20011210d1972 k y0rusy50 ca 
101 0 |a rus 
102 |a RU 
105 |a a z 001zy 
200 1 |a Измерительная техника в инструментальном нейтронно-активационном анализе  |f Б. Г. Егиазаров, Л. А. Корытко, Ю. П. Сельдяков 
210 |a Москва  |c Атомиздат  |d 1972 
215 |a 215 с.  |c ил. 
320 |a Список лит.: с. 207-214 (277 назв.). 
606 1 |a Активационный анализ  |2 stltpush  |3 (RuTPU)RU\TPU\subj\1659  |9 30391 
610 1 |a измерительная техника 
610 1 |a аппаратура 
610 1 |a комплексные системы 
610 1 |a вычислительные методы 
675 |a 545.52  |v 3 
700 1 |a Егиазаров  |b Б. Г.  |g Борис Григорьевич 
701 1 |a Корытко  |b Л. А.  |g Леонид Александрович 
701 1 |a Сельдяков  |b Ю. П.  |g Юрий Павлович 
801 0 |a RU  |b 63413507  |c 20011210  |g PSBO 
801 2 |a RU  |b 63413507  |c 20150427  |g PSBO 
900 |a Физические методы анализа 
942 |c BK